جغرافية العالم الإقليمية : (رقم التسجيلة. 53772)

تفاصيل مارك
000 -LEADER
fixed length control field 00577nam a22001577a 4500
005 - DATE AND TIME OF LATEST TRANSACTION
control field 20251108171004.0
008 - FIXED-LENGTH DATA ELEMENTS--GENERAL INFORMATION
fixed length control field 250721s1974 xx 000 0 ara d
082 14 - DEWEY DECIMAL CLASSIFICATION NUMBER
Classification number 910.091/حسن
100 1# - MAIN ENTRY--PERSONAL NAME
Personal name أبو العينين، حسن سيد أحمد
245 10 - TITLE STATEMENT
Title جغرافية العالم الإقليمية :
Remainder of title آسيا الموسمية و عالم المحيط الهادي /
264 1# - PRODUCTION, PUBLICATION, DISTRIBUTION, MANUFACTURE, AND COPYRIGHT NOTICE
Place of production, publication, distribution, manufacture الإسكندرية :
Name of producer, publisher, distributor, manufacturer مؤسسة الثقافة الجامعية،
Date of production, publication, distribution, manufacture, or copyright notice 1974.
300 ## - PHYSICAL DESCRIPTION
Extent ج
650 17 - SUBJECT ADDED ENTRY--TOPICAL TERM
Topical term or geographic name as entry element الجغرافيا الإقليمية
942 ## - ADDED ENTRY ELEMENTS (KOHA)
Source of classification or shelving scheme Dewey Decimal Classification
Koha item type كتب
المقتنيات
حالة السحب حالة الفقدان مصدر التصنيف حالة التلف غير قابل للإعارة المكتبة الرئيسية المكتبة الحالية موقع الرف تاريخ التزويد الرقم المتسلسل Total Checkouts رقم الإستدعاء تاريخ آخر ظهور تاريخ الفاتورة نوع المادة (كوها) الباركود
    Dewey Decimal Classification Unchecked   مكتبة أبو علندا العامة مكتبة أبو علندا العامة الإعارة 06/07/2004 ج1- 305018   910.091/حسن 28/07/2025 06/07/2004 كتب  
    Dewey Decimal Classification Unchecked   مكتبة أم قصير والمقابلين العامة مكتبة أم قصير والمقابلين العامة الإعارة 06/07/2004 3800   910.091/حسن 28/07/2025 06/07/2004 كتب  
    Dewey Decimal Classification     مكتبة وادي السير العامة مكتبة وادي السير العامة الإعارة 02/03/2016 [2816]...   910.091/حسن 28/07/2025 02/03/2016 كتب PLD00377539
Implemented & Customized by: BBB with SCIT (Smart Chains for Information Technology)

Powered by Koha